Evolution of Management System Certification After "Big Revision"
Analýza vývoja štandardov manažérskeho systému po zavedení štruktúry na vysokej úrovni na príklade najpopulárnejšieho štandardu riadenia ISO 9001: 2015 v porovnaní s ISO 14001: 2015. Použitie kvantitatívnej analýzy.
Salvato in:
| Autore principale: | |
|---|---|
| Altri autori: | |
| Natura: | Capitolo di libro |
| Lingua: | inglese |
| Soggetti: | |
| Tags: |
Nessun Tag, puoi essere il primo ad aggiungerne!!
|
MARC
| LEADER | 00000naa$a2200000$$$4500 | ||
|---|---|---|---|
| 001 | 0262505 | ||
| 005 | 20240502083754.2 | ||
| 041 | 0 | |a eng | |
| 044 | |a LT | ||
| 245 | 1 | 0 | |a Evolution of Management System Certification After "Big Revision" |c Martina Džubáková, Giedrius Čyras |
| 520 | |a Analýza vývoja štandardov manažérskeho systému po zavedení štruktúry na vysokej úrovni na príklade najpopulárnejšieho štandardu riadenia ISO 9001: 2015 v porovnaní s ISO 14001: 2015. Použitie kvantitatívnej analýzy. | ||
| 610 | 2 | 0 | |a systém riadenia kvality |
| 610 | 2 | 0 | |a environmentalistika |
| 610 | 2 | 0 | |a certifikáty |
| 610 | 2 | 0 | |a normy ISO |
| 610 | 2 | 0 | |a analýza kvantitatívna |
| 100 | 1 | |a Džubáková, Martina | |
| 700 | 1 | |a Čyras, Giedrius | |